[Event "Open"]
[Site "Louviers"]
[Date "2008.05.11"]
[Round "6"]
[White "Guillaumat, Jean-Pierre"]
[Black "Josse, Sebastien"]
[Result "1-0"]
[WhiteElo "1962"]
[BlackElo "1849"]
[PlyCount "79"]
[EventDate "2008.05.24"]
[SourceDate "2008.05.24"]

1. d4 Nf6 2. Nf3 g6 3. c4 Bg7 4. Nc3 O-O 5. g3 d6 6. Bg2 Na6 7. O-O c6 8. e4
Nd7 9. Be3 Re8 10. Qd2 Qa5 11. a3 c5 12. Rfd1 Nc7 13. Qc2 Ne6 14. dxc5 Bxc3 15.
b4 Bxb4 16. axb4 Qxb4 17. Rdb1 Qxb1+ 18. Rxb1 Ndxc5 19. Nd4 Nc7 20. Nb5 Nxb5
21. cxb5 Be6 22. Bxc5 Rec8 23. Qb2 Rxc5 24. Rc1 Bc4 25. Qb4 Rac8 26. e5 b6 27.
exd6 exd6 28. h4 d5 29. Qa3 R8c7 30. Qe3 Kf8 31. Re1 Bxb5 32. h5 f6 33. hxg6
hxg6 34. Qh6+ Rg7 35. Qh8+ Kf7 36. Qd8 g5 37. Bxd5+ Kg6 38. Be4+ f5 39. Bd3 Rd7
40. Qe8+ 1-0

[Event "Open"]
[Site "Louviers"]
[Date "2008.05.11"]
[Round "6"]
[White "Le Bourhis, Dominique"]
[Black "Bacon, Nicolas"]
[Result "1/2-1/2"]
[WhiteElo "2104"]
[BlackElo "2246"]
[PlyCount "65"]
[EventDate "2008.05.24"]
[SourceDate "2008.05.24"]

1. Nf3 Nf6 2. c4 g6 3. Nc3 Bg7 4. e4 d6 5. d4 O-O 6. Be2 e5 7. dxe5 dxe5 8.
Qxd8 Rxd8 9. Bg5 c6 10. Nxe5 Re8 11. O-O-O Nxe4 12. Nxe4 Bxe5 13. Rd8 Rxd8 14.
Bxd8 Bf4+ 15. Kc2 Bf5 16. Bd3 Na6 17. Ba5 Bxe4 18. Bxe4 Nc5 19. Bf3 Ne6 20. Bc3
Rd8 21. g3 Bc7 22. Rd1 Bb6 23. Rxd8+ Nxd8 24. Be1 Ne6 25. Bg2 Kg7 26. b4 Kf6
27. Kd3 Ke7 28. c5 Bc7 29. Bc3 f5 30. Kc4 Kd7 31. a4 Bd8 32. Be5 Be7 33. a5
1/2-1/2

[Event "Open"]
[Site "Louviers"]
[Date "2008.05.11"]
[Round "6"]
[White "Levesque, Thomas"]
[Black "Javor, Besim"]
[Result "0-1"]
[WhiteElo "2042"]
[BlackElo "1957"]
[PlyCount "112"]
[EventDate "2008.05.24"]
[SourceDate "2008.05.24"]

1. d4 d5 2. c4 e6 3. Nc3 c6 4. Nf3 Bd6 5. e4 dxe4 6. Nxe4 Be7 7. Bd3 Nf6 8. O-O
Nxe4 9. Bxe4 Nd7 10. Re1 Nf6 11. Ne5 Nxe4 12. Rxe4 Bf6 13. Ng4 Be7 14. Ne5 O-O
15. b3 f6 16. Nf3 Re8 17. Bb2 c5 18. d5 exd5 19. cxd5 Bd6 20. Qd3 Rxe4 21. Qxe4
Bd7 22. a4 Qb6 23. Qd3 Re8 24. Nd2 Qc7 25. h3 Be5 26. Bxe5 Qxe5 27. Rd1 Qe2 28.
Qxe2 Rxe2 29. Kf1 Re8 30. Rc1 b6 31. Nc4 Rd8 32. Ne3 Kf8 33. Rc4 Bc8 34. Rc2 g6
35. Ke2 Ke7 36. f4 Ba6+ 37. Kf2 Bd3 38. Rd2 Be4 39. g4 h5 40. Re2 Kf7 41. Rd2
Rd6 42. Kg3 hxg4 43. hxg4 Rd7 44. f5 g5 45. d6 Bc6 46. Nc4 Bb7 47. Kf2 Bc6 48.
Kg3 Rd8 49. Rh2 Kg7 50. Re2 Rd7 51. Re8 Bd5 52. Re7+ Rxe7 53. dxe7 Kf7 54.
e8=Q+ Kxe8 55. Nd2 Ke7 56. Kf2 Kd6 {Suite incomprehensible} 0-1

[Event "Open"]
[Site "Louviers"]
[Date "2008.05.11"]
[Round "6"]
[White "Aknouche, Abdesslem"]
[Black "Mezier, Pascal"]
[Result "1-0"]
[WhiteElo "1670"]
[BlackElo "1220"]
[PlyCount "69"]
[EventDate "2008.05.24"]
[SourceDate "2008.05.24"]

1. d4 d5 2. c4 dxc4 3. Nc3 e6 4. e4 Bb4 5. Bxc4 Ne7 6. Nf3 O-O 7. O-O a6 8. Bg5
h6 9. Bh4 g5 10. Bxg5 hxg5 11. Nxg5 Kg7 12. e5 Ng6 13. Qg4 c6 14. h4 f5 15.
exf6+ Qxf6 16. h5 Qf4 17. Nxe6+ Bxe6 18. Qxg6+ Kh8 19. Bxe6 Bd6 20. g3 Qf6 21.
Qxf6+ Rxf6 22. Rae1 a5 23. d5 c5 24. Ne4 Be5 25. Nxf6 Bxf6 26. b3 b5 27. Bf7
Kg7 28. Be8 b4 29. Re6 Na6 30. h6+ Kh8 31. Rxf6 Nc7 32. d6 Nxe8 33. Rf8+ Kh7
34. d7 Nc7 35. Rxa8 1-0

[Event "Open"]
[Site "Louviers"]
[Date "2008.05.11"]
[Round "6"]
[White "Roussel, Julien"]
[Black "Ferrant, Christophe"]
[Result "1-0"]
[WhiteElo "1599"]
[BlackElo "2151"]
[PlyCount "47"]
[EventDate "2008.05.24"]
[SourceDate "2008.05.24"]

1. d4 Nf6 2. c4 c5 3. e3 g6 4. Nc3 Bg7 5. Nf3 O-O 6. Bd3 d5 7. h3 a6 8. dxc5
dxc4 9. Bxc4 Qa5 10. O-O Qxc5 11. Qe2 Nc6 12. e4 Na5 13. Bd3 Be6 14. Be3 Qh5
15. Rac1 Rfd8 16. b3 Rac8 17. Na4 Rxc1 18. Rxc1 Nc6 19. Nc5 Bc8 20. Nxa6 bxa6
21. Rxc6 Bb7 22. Rc5 g5 23. Rxg5 Qh6 24. Rc5 1-0

[Event "Open"]
[Site "Louviers"]
[Date "2008.05.11"]
[Round "6"]
[White "Deheij, Gerrit"]
[Black "Varigault, Nicole"]
[Result "1-0"]
[WhiteElo "1480"]
[BlackElo "1200"]
[PlyCount "117"]
[EventDate "2008.05.24"]
[SourceDate "2008.05.24"]

1. e4 e5 2. Nf3 d6 3. Bc4 h6 4. d3 Nf6 5. Be3 Nc6 6. c3 Ng4 7. Bd2 Be7 8. b4
O-O 9. h3 Nf6 10. Be3 Nh7 11. Qb3 Qe8 12. Nbd2 a6 13. O-O-O Bf6 14. Rdg1 Nd8
15. d4 Be6 16. d5 Bd7 17. Qd1 b5 18. Bb3 c6 19. g4 Nb7 20. h4 c5 21. Nb1 cxb4
22. g5 Be7 23. gxh6 g6 24. cxb4 Qc8+ 25. Kd2 a5 26. a3 axb4 27. axb4 f5 28.
Rxg6+ Kf7 29. Rg7+ Ke8 30. Rxh7 fxe4 31. Ng5 Bg4 32. Qc2 Bf5 33. Qxc8+ Rxc8 34.
Nc3 Bxh7 35. Nxh7 Rh8 36. Ng5 Rxh6 37. h5 Nd8 38. Ngxe4 Nf7 39. Bxh6 Nxh6 40.
Nxb5 Rb8 41. Nbxd6+ Bxd6 42. Nxd6+ Kd7 43. Nc4 Rxb4 44. Kc3 Rb8 45. Rg1 e4 46.
Rg6 Nf7 47. h6 Rc8 48. Kd4 Nh8 49. Rg7+ Ke8 50. Nd6+ Kd8 51. Nxc8 Kxc8 52. Rg8+
Kd7 53. Rxh8 Ke7 54. Kxe4 Kf7 55. Kf5 Ke7 56. Rg8 Kf7 57. h7 Ke7 58. h8=Q Kf7
59. Qg7# 1-0

[Event "Open"]
[Site "Louviers"]
[Date "2008.05.11"]
[Round "6"]
[White "Tridant, Thierry"]
[Black "Rouas, Yannick"]
[Result "1/2-1/2"]
[WhiteElo "2030"]
[BlackElo "1930"]
[PlyCount "56"]
[EventDate "2008.05.24"]
[SourceDate "2008.05.24"]

1. Nf3 Nf6 2. c4 g6 3. Nc3 Bg7 4. g3 O-O 5. Bg2 c6 6. O-O d5 7. d4 Re8 8. Ne5
dxc4 9. Nxc4 Nd5 10. Nxd5 cxd5 11. Ne5 Nc6 12. Nxc6 bxc6 13. b3 e5 14. Qc2 Qb6
15. dxe5 Bxe5 16. Bb2 Bf5 17. Qd2 Bxb2 18. Qxb2 a5 19. Rac1 a4 20. Rc3 axb3 21.
axb3 Rab8 22. e3 Rec8 23. Rfc1 Be6 24. Qa3 d4 25. exd4 Qxd4 26. Qc5 Qxc5 27.
Rxc5 Rxb3 28. h4 h5 1/2-1/2

[Event "Open"]
[Site "Louviers"]
[Date "2008.05.11"]
[Round "6"]
[White "Dubost, Florian"]
[Black "Bonte, Gerard"]
[Result "1/2-1/2"]
[WhiteElo "1199"]
[BlackElo "1640"]
[PlyCount "82"]
[EventDate "2008.05.24"]
[SourceDate "2008.05.24"]

1. e4 c5 2. Nf3 Nc6 3. d4 cxd4 4. Nxd4 a6 5. Nc3 Nf6 6. Bc4 d6 7. h3 g6 8. O-O
Bg7 9. Be3 O-O 10. Qd2 Na5 11. Be2 Bd7 12. a4 Nc6 13. b3 Rc8 14. Bf3 Ne5 15.
Rac1 Nxf3+ 16. Nxf3 Bc6 17. Qd3 Qa5 18. Nd2 Nd7 19. Bd4 Ne5 20. Qe3 Qd8 21. Ne2
f5 22. exf5 Rxf5 23. f4 Nd7 24. g4 Rf7 25. Qe6 Nc5 26. Bxc5 dxc5 27. Nc4 Bd5
28. Qe3 Bxc4 29. bxc4 Qc7 30. Rcd1 Rcf8 31. Qe6 Kh8 32. Rd7 Qc6 33. Qxc6 bxc6
34. Rc7 Be5 35. Rxc6 Bxf4 36. Nxf4 Rxf4 37. Rxf4 Rxf4 38. Rxc5 e5 39. Rxe5 Rxc4
40. Ra5 Rxc2 41. Rxa6 Kg7 1/2-1/2

[Event "Open"]
[Site "Louviers"]
[Date "2008.05.11"]
[Round "6"]
[White "Jolly, Hugo"]
[Black "Pantic, David"]
[Result "0-1"]
[WhiteElo "1099"]
[BlackElo "1963"]
[PlyCount "82"]
[EventDate "2008.05.24"]
[SourceDate "2008.05.24"]

1. c4 Nf6 2. Nc3 e6 3. g3 Be7 4. Bg2 d5 5. cxd5 exd5 6. d4 O-O 7. Bf4 c6 8. e3
Na6 9. Nge2 Nc7 10. O-O Ne6 11. Be5 Ng4 12. Rb1 f6 13. f4 Nxe3 14. Qd2 fxe5 15.
dxe5 Bc5 16. Nd4 Bxd4 17. Ne2 Nc4+ 18. Qxd4 Nxd4 19. Nxd4 Nd2 20. Rbc1 Qb6 21.
Rf2 Qxd4 22. Rd1 Nf3+ 23. Bxf3 Qb6 24. Kg2 g6 25. g4 h5 26. gxh5 gxh5 27. Bxh5
Qxf2+ 28. Kxf2 Rxf4+ 29. Ke3 Re4+ 30. Kd3 Bf5 31. Rf1 Rf4+ 32. Ke2 Bd3+ 33. Ke3
Rxf1 34. Kxd3 Rf2 35. e6 Kf8 36. Ke3 Rxh2 37. Bg4 Ke7 38. Kd4 Rh4 39. Ke5 Rg8
40. Bf5 Rg5 41. a3 Re4# 0-1

[Event "Open"]
[Site "Louviers"]
[Date "2008.05.11"]
[Round "6"]
[White "Leguillon, David"]
[Black "Goy, Wilfried"]
[Result "1-0"]
[WhiteElo "1770"]
[BlackElo "1906"]
[PlyCount "55"]
[EventDate "2008.05.24"]
[SourceDate "2008.05.24"]

1. d4 Nf6 2. Nf3 g6 3. Bg5 Bg7 4. Nbd2 d5 5. e3 O-O 6. Bd3 Nbd7 7. e4 dxe4 8.
Nxe4 Nxe4 9. Bxe4 Nf6 10. Bd3 h6 11. Be3 c6 12. c3 Nd5 13. Qd2 Nxe3 14. fxe3
Qc7 15. O-O Bg4 16. Bc4 Rad8 17. Nh4 e5 18. Nxg6 Bh5 19. Nxf8 Rxf8 20. Kh1 e4
21. Rf4 Bg6 22. Raf1 Qd6 23. Qf2 Qe7 24. b4 b6 25. Rf6 Bxf6 26. Qxf6 Qxf6 27.
Rxf6 Rc8 28. Rxg6+ 1-0

[Event "Open"]
[Site "Louviers"]
[Date "2008.05.11"]
[Round "6"]
[White "Saint-Gilles, Damien"]
[Black "Rodange, Barbara"]
[Result "1/2-1/2"]
[WhiteElo "1620"]
[BlackElo "1726"]
[PlyCount "25"]
[EventDate "2008.05.24"]
[SourceDate "2008.05.24"]

1. e4 d5 2. exd5 Nf6 3. Bc4 Nxd5 4. Nf3 Bg4 5. h3 Bh5 6. d3 Nc6 7. Bb5 Qd7 8.
c4 Nb6 9. d4 a6 10. Bxc6 Qxc6 11. g4 Bg6 12. b3 O-O-O 13. Bb2 1/2-1/2

[Event "Open"]
[Site "Louviers"]
[Date "2008.05.11"]
[Round "7"]
[White "Arinal, Serge"]
[Black "Ernouf, Anthony"]
[Result "0-1"]
[WhiteElo "1680"]
[BlackElo "1903"]
[PlyCount "142"]
[EventDate "2008.05.25"]
[SourceDate "2008.05.25"]

1. Nf3 Nf6 2. c4 Nc6 3. Nc3 e5 4. g3 Nd4 5. Bg2 Nxf3+ 6. Bxf3 c6 7. Qc2 Be7 8.
Ne4 d5 9. Nxf6+ Bxf6 10. cxd5 cxd5 11. O-O O-O 12. d3 Bh3 13. Re1 Rc8 14. Qb3
Qa5 15. Rd1 Be6 16. Bd2 Qd8 17. Qxb7 Rb8 18. Qa6 Rxb2 19. Rab1 Qb6 20. Qxb6
Rxb6 21. Rxb6 axb6 22. Rb1 Rb8 23. a4 Be7 24. Rb5 e4 25. dxe4 dxe4 26. Bxe4 Bd7
27. Rb1 Bxa4 28. Bf4 Re8 29. Rxb6 g5 30. Bc7 Bd8 31. Bc6 Bxc7 32. Bxe8 Bxe8 33.
Rb2 Be5 34. Rc2 f6 35. e3 Bg6 36. Rc4 Bf7 37. Ra4 Bd6 38. h4 h6 39. hxg5 hxg5
40. Rd4 Bc5 41. Ra4 Kg7 42. Ra5 Bf8 43. Ra4 Kg6 44. Rd4 Kh5 45. Rd8 Bh6 46. Rd7
Kg6 47. Rd8 g4 48. Ra8 Bd5 49. Rd8 Bf3 50. Rb8 Bg5 51. Rb5 Be4 52. Rb4 f5 53.
Rb6+ Bf6 54. Rb4 Be5 55. Rb5 Kf6 56. Rb6+ Ke7 57. Ra6 Bd6 58. Ra5 Ke6 59. Rb5
Bd5 60. Ra5 Ke5 61. Ra4 Bb3 62. Ra5+ Ke4 63. Rb5 Bc2 64. Rb6 Be5 65. Rb4+ Kf3
66. Rc4 Be4 67. Rc8 Bd6 68. Rc4 Ba3 69. Rc3 Bb4 70. Rc7 Be1 71. Rc1 Bxf2+ 0-1

[Event "Open"]
[Site "Louviers"]
[Date "2008.05.11"]
[Round "7"]
[White "Ferrant, Christophe"]
[Black "Levesque, Thomas"]
[Result "1-0"]
[WhiteElo "2151"]
[BlackElo "2042"]
[PlyCount "79"]
[EventDate "2008.05.25"]
[SourceDate "2008.05.25"]

1. e4 e6 2. d3 c5 3. Nc3 Nc6 4. g3 d5 5. exd5 exd5 6. Bg2 Be6 7. Nf3 Nf6 8. O-O
h6 9. Re1 Bd6 10. Nb5 Bb8 11. d4 a6 12. Nc3 cxd4 13. Nxd4 Nxd4 14. Qxd4 O-O 15.
Ne2 Qd7 16. c3 Ng4 17. Qd1 Ba7 18. Nd4 Nf6 19. Bf4 Rfe8 20. Qd2 Rad8 21. Bf1
Ne4 22. Qd1 g5 23. Be3 Bb8 24. Bd3 f5 25. Qh5 Kg7 26. Nf3 Bf7 27. Qh3 Be6 28.
Rad1 Kg6 29. Nd4 Qf7 30. f3 Nd6 31. g4 Bc8 32. Nxf5 Nxf5 33. Bd4 Kh7 34. gxf5
h5 35. f6+ Kh6 36. Bf5 Qc7 37. Bxc8 Rxc8 38. Re7 Qf4 39. Rde1 Rf8 40. Rh7+ 1-0

[Event "Open"]
[Site "Louviers"]
[Date "2008.05.11"]
[Round "7"]
[White "Rouas, Yannick"]
[Black "Blaise, Geoffrey"]
[Result "1/2-1/2"]
[WhiteElo "1930"]
[BlackElo "1730"]
[PlyCount "97"]
[EventDate "2008.05.25"]
[SourceDate "2008.05.25"]

1. d4 Nf6 2. Nf3 e6 3. c4 b6 4. g3 d5 5. Bg2 Bb7 6. b3 Bb4+ 7. Bd2 Bxd2+ 8.
Nfxd2 c6 9. O-O O-O 10. Nc3 Qe7 11. Qc2 Nbd7 12. e4 dxe4 13. Ndxe4 Rac8 14.
Rad1 Rfd8 15. Rfe1 Qf8 16. Qe2 g6 17. Qf3 Nxe4 18. Nxe4 Kg7 19. Qf4 Nb8 20.
Qe5+ f6 21. Qxe6 Rc7 22. Nc3 Bc8 23. Qe4 Bf5 24. Qe3 Na6 25. d5 Nb4 26. Re2 Nc2
27. Qf3 c5 28. Qf4 Re7 29. Rxe7+ Qxe7 30. Be4 Nd4 31. Bxf5 gxf5 32. Qe3 Qf7 33.
Rxd4 cxd4 34. Qxd4 Qh5 35. Qe3 Re8 36. Qd2 Qf3 37. d6 Rd8 38. Nb5 Qe4 39. Qd5
Kg6 40. Qxe4 fxe4 41. Nxa7 Rxd6 42. Nc8 Re6 43. b4 Kf7 44. Na7 Ke7 45. c5 bxc5
46. bxc5 Ra6 47. Nb5 Rxa2 48. Nc3 Rc2 49. Nxe4 1/2-1/2

[Event "Open"]
[Site "Louviers"]
[Date "2008.05.11"]
[Round "7"]
[White "Lecoeur, Boris"]
[Black "Dubost, Florian"]
[Result "1/2-1/2"]
[WhiteElo "1745"]
[BlackElo "1199"]
[PlyCount "77"]
[EventDate "2008.05.25"]
[SourceDate "2008.05.25"]

1. d4 f5 2. c4 Nf6 3. Nc3 e6 4. Bg5 Bb4 5. Nf3 b6 6. Qb3 Bxc3+ 7. bxc3 Bb7 8.
Rd1 d6 9. c5 d5 10. cxb6 cxb6 11. e3 O-O 12. c4 Qc7 13. Bf4 Qc8 14. Be2 Nbd7
15. O-O Ba6 16. Rc1 Qb7 17. Rc2 Rac8 18. Rfc1 Rc6 19. Be5 Rfc8 20. Bxf6 Nxf6
21. Ne5 R6c7 22. a4 g5 23. h3 Kg7 24. Bf3 Ne4 25. cxd5 Rxc2 26. Rxc2 Rxc2 27.
Qxc2 exd5 28. Qc6 Qxc6 29. Nxc6 Nc3 30. Nxa7 Bc4 31. Nc6 Kf6 32. a5 bxa5 33.
Nxa5 Ke6 34. Nc6 Ne4 35. Ne5 Nd2 36. Bd1 Ne4 37. Ba4 Nd2 38. Bd7+ Kf6 39. Ba4
1/2-1/2

[Event "Open"]
[Site "Louviers"]
[Date "2008.05.11"]
[Round "7"]
[White "Roussel, Julien"]
[Black "Le Bourhis, Dominique"]
[Result "1-0"]
[WhiteElo "1599"]
[BlackElo "2104"]
[PlyCount "95"]
[EventDate "2008.05.25"]
[SourceDate "2008.05.25"]

1. d4 d5 2. c4 dxc4 3. e4 Nf6 4. Nc3 e6 5. Bxc4 Be7 6. Nf3 O-O 7. h3 c6 8. O-O
Nbd7 9. Be3 Re8 10. Qb3 Nb6 11. Bd3 Nfd7 12. a4 Nf8 13. Rfd1 Qd6 14. a5 Nbd7
15. Ra4 e5 16. Bc4 Qg6 17. dxe5 Nc5 18. Bxc5 Bxc5 19. Ne2 Ne6 20. Qc2 Be7 21.
Kh1 Nc5 22. Raa1 Nxe4 23. Kg1 Ng5 24. Qxg6 Nxf3+ 25. gxf3 hxg6 26. Kg2 Bh4 27.
Rd4 Bd8 28. b4 Bc7 29. f4 g5 30. Rad1 gxf4 31. Rxf4 Be6 32. Bxe6 Rxe6 33. Rd7
Bxe5 34. Rfxf7 Rae8 35. Rxb7 Bb8 36. Rxg7+ Kh8 37. Nd4 Rf6 38. Nf3 Re2 39. Rgd7
Bd6 40. Rd8+ Bf8 41. Rxa7 Rb2 42. Rb7 Rb3 43. Nd4 Rb2 44. Ne6 Rbxf2+ 45. Kg3
Rf7 46. Rxf8+ Rxf8 47. Nxf8 Rxf8 48. a6 1-0

[Event "Open"]
[Site "Louviers"]
[Date "2008.05.11"]
[Round "7"]
[White "Josse, Sebastien"]
[Black "Roussette, Stephane"]
[Result "0-1"]
[WhiteElo "1849"]
[BlackElo "1870"]
[PlyCount "94"]
[EventDate "2008.05.25"]
[SourceDate "2008.05.25"]

1. f4 c5 2. Nf3 Nc6 3. g3 g6 4. Bg2 Bg7 5. c3 d5 6. O-O Qb6 7. Kh1 Nf6 8. d3
O-O 9. Na3 Bg4 10. Nc2 Rad8 11. h3 Bc8 12. Qe1 d4 13. c4 Rfe8 14. g4 e5 15. Ng5
h6 16. Ne4 Nxe4 17. Bxe4 exf4 18. Rxf4 Be6 19. Rf1 Bxc4 20. Qh4 Bd5 21. Bxd5
Rxd5 22. Qf2 Rd7 23. Na3 Nd8 24. Nc4 Qc6+ 25. Kg1 Rde7 26. e4 dxe3 27. Bxe3 b5
28. Bxc5 Re2 29. Na5 Rxf2 30. Nxc6 Rxf1+ 31. Rxf1 Nxc6 32. b4 Bd4+ 33. Kg2 Re2+
34. Kg3 Re3+ 35. Rf3 Be5+ 36. Kf2 Rxf3+ 37. Kxf3 f5 38. Ke3 fxg4 39. hxg4 Kf7
40. d4 Bxd4+ 41. Bxd4 Nxd4 42. Kxd4 h5 43. gxh5 gxh5 44. Ke5 h4 45. Kf4 Ke6 46.
Ke4 h3 47. Kf3 Kd5 0-1

[Event "Open"]
[Site "Louviers"]
[Date "2008.05.11"]
[Round "7"]
[White "Vigneron, Frederic"]
[Black "Leguillon, David"]
[Result "0-1"]
[WhiteElo "1997"]
[BlackElo "1770"]
[PlyCount "96"]
[EventDate "2008.05.25"]
[SourceDate "2008.05.25"]

1. d4 e6 2. c4 Nf6 3. Nf3 Bb4+ 4. Bd2 Bxd2+ 5. Nbxd2 d5 6. e3 c6 7. Qc2 Nbd7 8.
Bd3 Qe7 9. O-O h6 10. Rfd1 e5 11. dxe5 Nxe5 12. Nxe5 Qxe5 13. Nf3 Qe7 14. cxd5
Nxd5 15. a3 Bg4 16. Be2 O-O 17. b4 Rfe8 18. Nd4 Bxe2 19. Nxe2 Qe5 20. Rac1 Re7
21. Nd4 g6 22. b5 cxb5 23. Nf3 Qe6 24. Qc5 Rc7 25. Qxb5 Rxc1 26. Rxc1 Rc8 27.
Rxc8+ Qxc8 28. h3 Qc1+ 29. Kh2 Qc7+ 30. g3 Nc3 31. Qd3 Qa5 32. Nh4 Qxa3 33.
Nxg6 fxg6 34. Qxg6+ Kh8 35. Qxh6+ Kg8 36. Qe6+ Kf8 37. Qc8+ Kf7 38. Qxb7+ Kf8
39. h4 Qc5 40. Qf3+ Kg8 41. h5 Qc7 42. Kh3 a5 43. g4 a4 44. g5 Qd7+ 45. Kg3 Qd5
46. Qg4 Ne4+ 47. Kh2 Qe5+ 48. f4 Qb2+ 0-1

[Event "Open"]
[Site "Louviers"]
[Date "2008.05.11"]
[Round "7"]
[White "Bacon, Nicolas"]
[Black "Criton, Roland"]
[Result "0-1"]
[WhiteElo "2246"]
[BlackElo "1954"]
[PlyCount "74"]
[EventDate "2008.05.25"]
[SourceDate "2008.05.26"]

1. e4 c6 2. d4 d5 3. e5 Bf5 4. Nf3 e6 5. Be2 Nd7 6. O-O Qb6 7. b3 Ne7 8. Ba3
Nc8 9. Bxf8 Nxf8 10. c4 Ne7 11. Nc3 Nd7 12. c5 Qa5 13. Qd2 b6 14. cxb6 axb6 15.
a3 h6 16. b4 Qa7 17. a4 O-O 18. Ra3 b5 19. a5 Nb6 20. Ra2 Nc4 21. Qf4 Ng6 22.
Qg3 Qe7 23. Bxc4 bxc4 24. Nd2 Qxb4 25. Ra4 Qb2 26. Ra2 Qb4 27. Ra4 Qb7 28. Rfa1
Ra6 29. Nd1 Rfa8 30. Qa3 Bc2 31. Rb4 Rxa5 32. Qc3 Qxb4 33. Qxb4 Rxa1 34. h4
Rxd1+ 35. Kh2 Nxh4 36. g4 Rxd2 37. Kg3 Rd3+ 0-1

[Event "Open"]
[Site "Louviers"]
[Date "2008.05.11"]
[Round "7"]
[White "Javor, Besim"]
[Black "Boursier, Xavier"]
[Result "1/2-1/2"]
[WhiteElo "1957"]
[BlackElo "2029"]
[PlyCount "127"]
[EventDate "2008.05.25"]
[SourceDate "2008.05.26"]

1. d4 Nf6 2. Bf4 g6 3. e3 Bg7 4. c3 d6 5. Nf3 O-O 6. Be2 Nbd7 7. O-O c6 8. Nbd2
h6 9. h3 Re8 10. Nb3 Qb6 11. Bh2 Nf8 12. Nfd2 Be6 13. Qc2 Bxb3 14. axb3 N8d7
15. Nc4 Qc7 16. Rfe1 Nd5 17. Bf1 N5b6 18. Nd2 e5 19. Rad1 Qd8 20. dxe5 Nxe5 21.
Nc4 Nbxc4 22. bxc4 Qg5 23. Be2 Qf6 24. f4 Nd7 25. Bg4 Nc5 26. f5 Ne4 27. fxg6
fxg6 28. Bf3 Ng5 29. Rf1 Qe6 30. Rxd6 Qxe3+ 31. Kh1 Re6 32. Rxe6 Qxe6 33. Be2
Re8 34. Bd3 Ne4 35. c5 Nxc5 36. Bxg6 Qe2 37. Qxe2 Rxe2 38. Rd1 Rxb2 39. Rd8+
Bf8 40. Bd6 Ne6 41. Re8 Rd2 42. Be5 Ng7 43. Rb8 Rd7 44. Bc2 Kf7 45. Bb3+ Ke7
46. g4 Ne6 47. Bg3 Bg7 48. Bh4+ Kd6 49. Re8 Nc7 50. Bg3+ Kc5 51. Re4 b5 52.
Bf2+ Kd6 53. Bxa7 Bxc3 54. Bb8 Be5 55. Re2 c5 56. Bc2 Re7 57. Be4 Bd4 58. Kg2
b4 59. Kf3 b3 60. Bd3 Rxe2 61. Kxe2 b2 62. Kd2 Kc6 63. Bxc7 Kxc7 64. h4 1/2-1/2

[Event "Open"]
[Site "Louviers"]
[Date "2008.05.11"]
[Round "7"]
[White "Rousselin, Marc"]
[Black "Saint-Gilles, Damien"]
[Result "0-1"]
[WhiteElo "1480"]
[BlackElo "1620"]
[PlyCount "92"]
[EventDate "2008.05.25"]
[SourceDate "2008.05.26"]

1. e4 e5 2. Nf3 Nf6 3. Nxe5 d6 4. Nf3 Nxe4 5. Nc3 Nxc3 6. dxc3 Bf5 7. Be3 Be7
8. Bd3 Be6 9. Qd2 h6 10. Nd4 Bg4 11. f3 Bh5 12. O-O-O Nd7 13. g4 Bg6 14. Bxg6
fxg6 15. Ne6 Qc8 16. Nxg7+ Kf7 17. Bd4 Ne5 18. f4 Nf3 19. Qd3 Nxd4 20. Qxd4 Bf6
21. Qd5+ Kxg7 22. g5 hxg5 23. fxg5 Be5 24. Rhf1 Rf8 25. Rxf8 Qxf8 26. Qxb7 Qc8
27. Qd5 Qf8 28. Qc4 Qf4+ 29. Qxf4 Bxf4+ 30. Kb1 Bxg5 31. c4 Re8 32. a3 Re4 33.
c5 Bf4 34. cxd6 cxd6 35. h3 Re3 36. Rd4 Bg3 37. Ra4 Re7 38. Ra6 Rb7 39. b4 Kh6
40. c4 g5 41. c5 Kh5 42. c6 Rc7 43. b5 Kh4 44. Rxa7 Rxa7 45. b6 Ra6 46. b7 d5
0-1

[Event "Open"]
[Site "Louviers"]
[Date "2008.05.11"]
[Round "7"]
[White "Bonte, Gerard"]
[Black "Haudrechy, Daniel"]
[Result "1-0"]
[WhiteElo "1640"]
[BlackElo "1820"]
[PlyCount "136"]
[EventDate "2008.05.25"]
[SourceDate "2008.05.26"]

1. c4 e5 2. Nc3 Nc6 3. d3 f5 4. Nf3 d6 5. g3 Nf6 6. Bg2 Bd7 7. a3 Rb8 8. b4 g6
9. O-O Bg7 10. Rb1 O-O 11. Qb3 Qe7 12. e3 h6 13. Bb2 Be6 14. Rfe1 b5 15. Nh4
bxc4 16. dxc4 Na5 17. Nxg6 Qf7 18. Qa4 Qxg6 19. Qxa5 Bxc4 20. Qxa7 Rfc8 21. e4
f4 22. Qa4 fxg3 23. f3 gxh2+ 24. Kh1 Qh5 25. Qc2 Be6 26. Qf2 Kh8 27. Qg3 Rg8
28. Qxh2 Qxh2+ 29. Kxh2 Nh5 30. Ne2 Bf6 31. Bh3 Bc4 32. Rbc1 Bxe2 33. Rxe2 Nf4
34. Rec2 Nd3 35. Rd1 Nxb2 36. Rxb2 Ra8 37. Rb3 Rgb8 38. Be6 Kg7 39. Bd5 Ra6 40.
Rg1+ Bg5 41. b5 Ra5 42. Bc6 Kf6 43. Kh3 h5 44. Rg2 Bc1 45. Ra2 Kg5 46. Kg3 h4+
47. Kg2 Kf4 48. Bd7 Rg8+ 49. Bg4 Rb8 50. Bd7 Be3 51. Rc2 Bc5 52. Rcc3 Rba8 53.
Kh3 Bxa3 54. Rxc7 Bc5 55. Bg4 Ra1 56. Rf7+ Kg5 57. Rf5+ Kg6 58. Bh5+ Kh6 59.
Rb2 Rg8 60. Bg4 Bb6 61. Kxh4 Rg6 62. Kg3 Kg7 63. Rd2 Be3 64. Rb2 Rg1+ 65. Kh2
Bb6 66. Rh5 Rh6 67. Rxh6 Kxh6 68. Bf5 Kg5 1-0

[Event "Open"]
[Site "Louviers"]
[Date "2008.05.11"]
[Round "7"]
[White "Rodange, Barbara"]
[Black "Aknouche, Abdesslem"]
[Result "1/2-1/2"]
[WhiteElo "1726"]
[BlackElo "1670"]
[PlyCount "48"]
[EventDate "2008.05.25"]
[SourceDate "2008.05.26"]

1. c4 g6 2. Nc3 Bg7 3. g3 c6 4. Bg2 Nf6 5. Nf3 d6 6. O-O O-O 7. d4 Re8 8. Bf4
Nbd7 9. Qd2 Nb6 10. b3 Bf5 11. Rac1 Nh5 12. Bh6 e5 13. Bxg7 Nxg7 14. dxe5 dxe5
15. Rfd1 Qe7 16. Qh6 f6 17. Nh4 Rad8 18. Ne4 Bxe4 19. Bxe4 f5 20. Bc2 e4 21.
Rxd8 Rxd8 22. Qe3 Ne6 23. Ng2 Qg5 24. Qxg5 Nxg5 1/2-1/2

[Event "Open"]
[Site "Louviers"]
[Date "2008.05.11"]
[Round "7"]
[White "Didierjean, Tristan"]
[Black "Mezier, Pascal"]
[Result "1-0"]
[WhiteElo "1832"]
[BlackElo "1220"]
[PlyCount "81"]
[EventDate "2008.05.25"]
[SourceDate "2008.05.26"]

1. d4 d5 2. g3 e6 3. Bg2 h6 4. e4 dxe4 5. Bxe4 c6 6. Be3 Nf6 7. Bg2 Bb4+ 8. c3
Ba5 9. Nd2 O-O 10. f4 Nbd7 11. Ngf3 Nd5 12. Bf2 a6 13. O-O Bb6 14. Nc4 Bc7 15.
Nfe5 Ne7 16. Be4 f5 17. Bc2 b5 18. Nxd7 Qxd7 19. Ne5 Qd8 20. Bb3 Qe8 21. h4 h5
22. Kh2 Kh7 23. Qe2 Nd5 24. Rad1 Ne7 25. a4 Nd5 26. Bxd5 cxd5 27. axb5 axb5 28.
Ra1 Ba6 29. Qd2 b4 30. Rfc1 b3 31. Ra3 Bc4 32. Rca1 Qb5 33. Rxa8 Rxa8 34. Rxa8
Bd6 35. Nf7 Bc7 36. Ng5+ Kg6 37. Qe3 Be5 38. Qxe5 Qc6 39. Rd8 Qa6 40. Rd6 Qxd6
41. Qxd6 1-0

[Event "Open"]
[Site "Louviers"]
[Date "2008.05.11"]
[Round "7"]
[White "Mouhamad, Joachin"]
[Black "Lefebvre, Richard"]
[Result "0-1"]
[WhiteElo "1899"]
[BlackElo "1820"]
[PlyCount "42"]
[EventDate "2008.05.25"]
[SourceDate "2008.05.26"]

1. e4 c5 2. Nf3 d6 3. d4 cxd4 4. Nxd4 Nf6 5. Nc3 g6 6. Be3 Bg7 7. Bc4 Nc6 8. f3
O-O 9. Qd2 Bd7 10. O-O-O Qa5 11. g4 Rfc8 12. Bb3 Ne5 13. h4 b5 14. Bh6 Bxh6 15.
Qxh6 Rxc3 16. bxc3 Qxc3 17. Ne2 Qa1+ 18. Kd2 Nxf3+ 19. Kd3 Ne5+ 20. Kd2 Nxe4+
21. Ke3 Nxg4+ 0-1

[Event "Open"]
[Site "Louviers"]
[Date "2008.05.11"]
[Round "7"]
[White "Vallobra, Pierre"]
[Black "Duverne, Jean-Marie"]
[Result "1/2-1/2"]
[WhiteElo "1906"]
[BlackElo "2142"]
[PlyCount "45"]
[EventDate "2008.05.25"]
[SourceDate "2008.05.27"]

1. d4 Nf6 2. c4 g6 3. Nc3 Bg7 4. e4 O-O 5. Nf3 d6 6. Be2 e5 7. d5 a5 8. b3 Na6
9. Bg5 h6 10. Bh4 g5 11. Bg3 Nc5 12. Nd2 Nfxe4 13. Ndxe4 Nxe4 14. Nxe4 f5 15.
Bd3 f4 16. O-O fxg3 17. fxg3 Bf5 18. Qe2 Qe7 19. Rae1 Rae8 20. Rxf5 Rxf5 21.
Nxd6 Qxd6 22. Bxf5 b6 23. Rf1 1/2-1/2